000 00416nam a2200145 i 4500
001 33035
003 ES-MaACL
005 20230906154701.0
007 t|
008 030201s1963 sp ||||1| baq d
245 0 0 _aBertsolariak bertsolarien txapelketa
_b: (30-XII-1962).
260 _a[S.l. :
_bs.n.,
_c1963] (
_eSan Sebastián :
_fImp. Izarra)
300 _a163 p. ;
_c19 cm.
852 _aES-MaACL
_jC-23278
_bR.52002
999 _c33035
_d33035